The middle East : A history

Praised for its straightforward and accessible style, this text provides a general introduction to the chief elements in Middle Eastern history, allowing readers to proceed into more specialized topics and themes with a solid understanding of the most current scholarship in the field.

সংরক্ষণ করুন:
গ্রন্থ-পঞ্জীর বিবরন
প্রধান লেখক: Ochsenwald, William
বিন্যাস: গ্রন্থ
ভাষা:Undetermined
প্রকাশিত: Boston, Mass. McGraw-Hill 2004
বিষয়গুলি:
ট্যাগগুলো: ট্যাগ যুক্ত করুন
কোনো ট্যাগ নেই, প্রথমজন হিসাবে ট্যাগ করুন!
Thư viện lưu trữ: Trung tâm Học liệu Trường Đại học Cần Thơ
LEADER 00865nam a2200217Ia 4500
001 CTU_186932
008 210402s9999 xx 000 0 und d
082 |a 956 
082 |b O.16 
100 |a Ochsenwald, William 
245 4 |a The middle East : 
245 2 |b A history 
245 0 |c William Ochsenwald, Sydney Nettleton Fisher 
260 |a Boston, Mass. 
260 |b McGraw-Hill 
260 |c 2004 
520 |a Praised for its straightforward and accessible style, this text provides a general introduction to the chief elements in Middle Eastern history, allowing readers to proceed into more specialized topics and themes with a solid understanding of the most current scholarship in the field. 
650 |a Middle East,Trung Đông 
650 |x History,Lịch sử 
910 |a Hải 
980 |a Trung tâm Học liệu Trường Đại học Cần Thơ